Teoría y problemas de probabilidad /
Guardado en:
| Autor Principal: | |
|---|---|
| Formato: | Libro |
| Publicado: |
México :
Mcgraw-hill,
1968
|
| Series: | Compendios Schaum
|
| Materias: | |
| Etiquetas: |
Agregar Etiqueta
Sin Etiquetas, Sea el primero en etiquetar este registro!
|
| LEADER | 00826nam a22002055a 4500 | ||
|---|---|---|---|
| 001 | CEM.cems018316 | ||
| 005 | 20140613100342.0 | ||
| 008 | 130507s1968##################000#0#####d | ||
| 003 | CEMS | ||
| 082 | 0 | 4 | |a 519.9 |
| 100 | 1 | |a Seymour Lipschutz, Ph. D. | |
| 245 | 1 | 0 | |a Teoría y problemas de probabilidad / |c Ph. D Seymour Lipschutz |
| 260 | |a México : |b Mcgraw-hill, |c 1968 | ||
| 300 | |a 154 p. | ||
| 490 | 0 | |a Compendios Schaum | |
| 500 | |a Teoría y 500 problemas resueltos | ||
| 505 | 0 | |a Teoría de conjuntos -- Técnicas de contar -- Introducción a la probabilidad -- Probabilidad condicional e independencia -- Variables aleatorias -- Distribuciones binomial, normal y de Poisson -- Cadenas de Markov | |
| 653 | |a Probabilidad | ||
| 653 | |a Probabilidad-problemas de | ||
| 859 | |a CEMS |b BIB. CEMS - Agricultura |h 519.9 |i Se95 |p A2154.14 |t Ej.1 | ||
